Bevölkerungsreichste Bezirke Österreichs - Statistiken

Allgemein
  • Dieses Quiz wurde 57 mal gespielt
  • Das Durchschnittsergebnis liegt bei 14 aus 21
Antwortstatistiken
Einwohner Bezirk % Korrekt
1.920.949 Wien
100%
291.134 Graz
98%
131.059 Innsbruck
98%
206.537 Linz
96%
155.416 Salzburg
96%
135.310 Bregenz
74%
147.113 Baden
72%
132.064 St. Pölten
70%
119.240 Mödling
68%
152.391 Linz-Land
60%
157.853 Graz-Umgebung
58%
181.698 Innsbruck-Land
56%
105.762 Tulln an der Donau
56%
116.592 Amstetten
54%
105.507 Bruck an der Leitha
54%
109.057 Feldkirch
52%
154.624 Salzburg-Umgebung
48%
137.993 Vöcklabruck
46%
111.080 Kufstein
44%
106.492 Braunau am Inn
40%
105.824 Gänserndorf
40%
Keine übereinstimmenden Quizze gefunden
Verteilung der Resultate
Anzahl Personen mit jedem Resultat
Perzentil nach korrekt beantworteten Fragen
Ihre Resultats-Entwicklung
Sie haben dieses Quiz noch nicht gespielt